Sanat "Pahalta piilossa" - Suvi Teräsniska - Statistics

Yleistilastot
  • Tätä visaa on pelattu 21 kertaa
  • Keskiarvotulos 101 / 184
Vastaustilastot
Vastaus % Oikein
ei
100%
me
100%
ollaan
100%
pahalta
100%
piilossa
100%
ja
92%
nyt
85%
Nyt
85%
koskaan
77%
kun
77%
haavoittaa
69%
voisi
69%
ainoa
62%
hyvää
62%
kaunista
62%
62%
mikään
62%
niinkuin
62%
meitä
54%
kuljettaa
46%
Ohi
46%
tuuli
46%
vuodet
46%
yksi
46%
kuiskaa
38%
ne
38%
on
38%
pyyhkäisee
38%
tänne
38%
aika
31%
majaa
31%
tässä
31%
tee
31%
miettien
23%
hehkuu
15%
jos
15%
kaksi
15%
Katso
15%
kehystää
15%
kultareunuksilla
15%
lennä
15%
perhosten
15%
purppuraa
15%
siipiin
15%
taivaanranta
15%
antaa
8%
häviää
8%
huomista
8%
joskus
8%
kaiken
8%
kantaa
8%
kesän
8%
kiinni
8%
kiinnittää
8%
kuitenkin
8%
lähdenkin
8%
lämpö
8%
muistoja
8%
niihin
8%
tänään
8%
turha
8%
voit
8%
auringon
0%
hartioilla
0%
huomisen
0%
jään
0%
kesyttää
0%
kuinka
0%
lupasin
0%
meidät
0%
ota
0%
Ota
0%
pian
0%
saamme
0%
tähän
0%
tähdetkin
0%
tahdon
0%
taivuttaa
0%
vain
0%
voisin
0%
yhteen
0%
Ehtoja vastaavia visoja ei löytynyt
Tulosjakauma
Jokaisen tuloksen saaneiden osuus
Persentiili vastausten määrän mukaan
Tuloshistoriasi
Et ole pelannut tätä visaa